Statistics : principles and methods

Αποθηκεύτηκε σε:
Λεπτομέρειες βιβλιογραφικής εγγραφής
Κύριος συγγραφέας: Johnson, Richard Arnold
Άλλοι συγγραφείς: Bhattacharyya, Gouri K. 1940-
Μορφή: Βιβλίο
Γλώσσα:English
Δημοσίευση: New York : John Wiley & Sons, c1996
Έκδοση:3rd ed.
Σειρά:Wiley series in probability and statistics
Θέματα:
Ετικέτες: Προσθήκη ετικέτας
Δεν υπάρχουν, Καταχωρήστε ετικέτα πρώτοι!

MARC

LEADER 00000nam a2200000 i 4500
001 1/50304
008 980729s1996 eng d
020 |a 0-471-04194-7 
035 |l 10043843 
040 |a GR-MY-UA  |b gre  |e aacr 
041 0 |a eng 
082 0 |a 519.5 
100 1 |a Johnson, Richard Arnold. 
245 1 0 |a Statistics :  |b principles and methods /  |c Richard A. Johnson, Gouri K. Bhattacharyya 
250 |a 3rd ed. 
260 |a New York :   |b John Wiley & Sons,   |c c1996 
300 |a xv, 720 p.;  |b ill.;  |c 24 cm. 
490 1 |a Wiley series in probability and statistics 
500 |a Includes index 
650 0 0 |a Statistics. 
700 1 |a Bhattacharyya, Gouri K.  |d 1940- 
830 0 |a Wiley series in probability and statistics 
852 |a INST  |b SAMOS  |e 19980729  |h 519.5 JOH  |p 005300010865  |q 005300010865  |t BK  |y 0 
852 |a INST  |b SAMOS  |e 20000329  |h 519.5 JOH  |p 005300018152  |q 005300018152  |t BK  |y 0 
901 |a BIBL3-2000-1 
909 |a Σ  |b 057573 
909 |a Σ  |b 074055 
922 |a 3ΕΛΗ  |b 199807  |c ΔΩΡ  |d JOHN WILEY 
922 |a 3ΕΛΗ  |b 200001  |c ΒΙΒΛΙΟΘΗΚΗ  |d ΠΑΠΑΣΩΤΗΡΙΟΥ 
970 |a ΓΕΝΟΥΖΟΥ  |b ΧΡΥΣΑΝΘΗ  |z 2000/03/29